Регионална библиотека "Любен Каравелов" - Русе

Всичко, което съм (Запис номер 347423)

MARC детайли
000 -Лидер
Контролно поле с фиксирана дължина 00864nam a22002417a 4500
003 - Код на организацията, давaща контролен номер
Контролно поле BLK
005 - Дата и час на последна редакция
Контролно поле 20250717102925.0
008 - Елементи от данни с фиксирана дължина
fixed length control field 191223b bu ||||| |||| 00| 0 bu d
020 ## - Международен стандартен номер на книга ISBN
Международен стандартен номер на книга ISBN 9789543895656
040 ## - Източник на каталожния запис
Идентификатор на билиотеката - собственик на записа BLK
041 ## - Код за език
Код за езика на текст/звукозапис или на отделно заглавие Български
Код за езика КДБФ Български
080 ## - УДК
Текстов определител УДК Американска литература (на САЩ)
УДК код - определител по УДК 821.111(73)
УДК - код + определител 821.111(73)-312.6
УДК определител -312.6
100 ## - Редна дума - Автор
Автор Мур, Деми
Авторска отговорност първи автор
R(LIN) 1299
139 ## - Редно поле
Редна дума Мур, Деми
Авторски знак Му - М 95
245 ## - Сведения за заглавието
Заглавие Всичко, което съм
Редно поле (дума) Деми Мур; прев. от англ. Красимира Абаджиева.
260 ## - Област на издателските данни
9 (RLIN) 209478
Място на издаване, разпространение и проч. София
Име на издателя, разпространителя и проч. Ера
Година на издаване 2019
300 ## - Физическа характеристика
Страници 230 с.
Размери/Мащаб 21 см
380 ## - Жанр
Жанр Худож. лит.
700 ## - Други автори (авторска отговорност)
Лично име Абаджиева, Красимира Светославова
9 (RLIN) 245496
999 ## - СИСТЕМНИ КОНТРОЛНИ НОМЕРА
Koha biblionumber 347423
Koha biblioitemnumber 347423
942 ## - АРТИКУЛИ
Вид на библиотечния материал Книги
Скрит в OPAC Не
Периодичен библиозапис Да
Koha issues (borrowed), all copies 42
999 ## - СИСТЕМНИ КОНТРОЛНИ НОМЕРА
Koha biblioitemnumber 347423
944 ## - СЪЗДАВАНЕ И РЕДАКЦИЯ на ЗАПИСА
Служител, извършил регистрацията/редакцията 30542
Статус, дата на статуса Русанова Ирена
Наличности
Код за отписване Код за изгубен артикул Източник на класификационната схема Код за повреда Коз за рестрикции Код за отдаване Артикулен № Име на библиотеката - собственик Име на библиотеката, в която се намира в момента Статус (Текущо местоположение) Дата на вписване в системата Местоположение - отдел Цена в лева Систематично азбучна сигнатура Баркод Цена в евро Служебен тип на артикула
  Не е изгубен Universal Decimal Classification Не е повреден без рестрикции заемане за дома 753176 Регионална библиотека "Любен Каравелов" Русе Регионална библиотека "Любен Каравелов" Русе Заемна - подръчен фонд 2019-12-23 Заемна - подръчен фонд 11.99 П 820(73)-9/М 95 120000840520 6.13 Книги
Изтеглен Не е изгубен Universal Decimal Classification Не е повреден без рестрикции заемане за дома 800035 Регионална библиотека "Любен Каравелов" Русе Регионална библиотека "Любен Каравелов" Русе Заемна - подръчен фонд 2020-09-18 Заемна - подръчен фонд 11.20 821-31/М 95 Д 120000847513 5.73 Книги
  Не е изгубен Universal Decimal Classification Не е повреден само за читалня ползва се в читалня 830931 Регионална библиотека "Любен Каравелов" Русе Регионална библиотека "Любен Каравелов" Русе Хранилище 2021-05-19 Хранилище 15.99 Цб 305255 120000854477 8.18 Книги
Vip Innovations Ltd, Rousse, Bulgaria 2025